Prinsip-prinsip dan praktis penilaian harta tanah

Bibliographic Details
Main Author: Raja Aris Hussain
Format: Book
Published: Kuala Lumpur : Dewan Bahasa dan Pustaka , 1987
Subjects:

MARC

LEADER 00000cam a2200000 7i4500
001 0000001285
005 20050628.0
040 |a INS 
090 0 0 |a KD5534   |b A714 1987 
100 0 |a Raja Aris Hussain 
245 1 0 |a Prinsip-prinsip dan praktis penilaian harta tanah   |c Raja Aris Hussain 
260 |a Kuala Lumpur :   |b Dewan Bahasa dan Pustaka ,   |c 1987 
300 |a xivp :   |b 271p ;   |c 22cm. 
650 0 0 |a Valuation 
999 |a 0000002279   |b BOOK   |c Reference   |e Default branch